| Tag |
First Indicator |
Second Indicator |
Subfields |
| LEADER |
00000pam a2200000 a 4500 |
| 001 |
in00000088260 |
| 005 |
20151008063116.0 |
| 008 |
811005s1982 enk b 00110 eng |
| 010 |
|
|
|a 81016841
|
| 020 |
|
|
|a 0422778702 :
|c $23.00
|
| 020 |
|
|
|a 042277880X (pbk.) :
|c $8.95
|
| 035 |
|
|
|a (OCoLC)07923144
|
| 035 |
|
|
|9 AAK1596AM
|
| 039 |
0 |
|
|a 2
|b 3
|c 3
|d 3
|e 3
|
| 040 |
|
|
|a DLC
|c DLC
|d TXA
|d UtOrBLW
|
| 049 |
|
|
|a TXAM
|c [388641]
|
| 050 |
0 |
0 |
|a HQ1122
|b .S24 1982
|
| 082 |
0 |
|
|a 305.4/2
|2 19
|
| 100 |
1 |
|
|a Sayers, Janet.
|
| 245 |
1 |
0 |
|a Biological politics :
|b feminist and anti-feminist perspectives /
|c Janet Sayers.
|
| 264 |
|
1 |
|a London ;
|a New York :
|b Tavistock, in association with Methuen,
|c 1982.
|
| 300 |
|
|
|a 235 pages ;
|c 23 cm.
|
| 336 |
|
|
|a text
|b txt
|2 rdacontent
|
| 337 |
|
|
|a unmediated
|b n
|2 rdamedia
|
| 338 |
|
|
|a volume
|b nc
|2 rdacarrier
|
| 500 |
|
|
|a Includes indexes.
|
| 504 |
|
|
|a Bibliography: pages [204]-225.
|
| 650 |
|
0 |
|a Feminism.
|
| 650 |
|
0 |
|a Human biology
|x Social aspects.
|
| 999 |
|
|
|a MARS
|
| 999 |
f |
f |
|s 75508c97-64a0-3efd-88fe-962a1fd9dd41
|i a2b8da65-9a7c-3a8c-87be-8fa0209be242
|t 0
|
| 952 |
f |
f |
|p ric
|a Texas A&M University
|b Rellis Campus
|c Joint Library Facility
|d Remote Storage
|t 0
|e HQ1122 .S24 1982
|h Library of Congress classification
|i unmediated -- volume
|m A14805975338
|
| 998 |
f |
f |
|a HQ1122 .S24 1982
|t 0
|l Remote Storage
|